| 000 | 01671cam a22002054a 4500 | ||
|---|---|---|---|
| 005 | 20250605163940.0 | ||
| 008 | 250528s ||||||||||||||||||||||||d | ||
| 035 | _a14990 | ||
| 020 | _a9600311722 | ||
| 040 |
_aGR-AtMCL _bgre _dGR-AtMCL _eAACR2 |
||
| 245 | 1 | _aΗλεκτρονικός Υπολογιστής / Μια... Κατάδυση ως τον Πυθμένα | |
| 260 |
_bΚαστανιώτη, _c1994 |
||
| 300 | _a488 | ||
| 520 | _aΕισαγωγή, Ηλεκτρονικός Υπολογιστής και Πληροφορική, Η Εξέλιξη των Ηλεκτρονικών Υπολογιστών, Τα Συστήματα Αρίθμησης και η Κωδικοποίηση, Λογικές Πράξεις και Πύλες και Λογικά Κυκλώματα, Η Δομή και οι Κατηγορίες Η/Υ, Περιγραφή των Τμημάτων του Η/Υ, Η Λειτουργία του Η/Υ, Ο Μικρουπολογιστής, Οι Περιφερειακές Συσκευές, Οι Γλώσσες Προγραμματισμού και τα Προγράμματα Συστήματος Εφαρμογών - Το Λειτουργικό Σύστημα, Μέθοδοι Επεξεργασίας Η/Υ και Τεχνητή Νοημοσύνη, Επικοινωνίες και Δίκτυα, Η Αγορά Προσωπικού Η/Υ και το Λογισμικό Υποστήριξης, MS-DOS, OS/2, UNIX, MACINTOSH, WINDOWS-NT, Βιβλιογραφία. | ||
| 700 | 1 |
_aΙωαννιδης Σ. Γ.Ιωαννίδης Σ. Γ _9814 |
|
| 700 | 1 |
_aΠαναγιωτακόπουλος Θ. Χ _9815 |
|
| 942 | _cBK | ||
| 999 |
_c598 _d598 |
||